| 000 | 00974nam a2200265Ia 4500 | ||
|---|---|---|---|
| 003 | OSt | ||
| 005 | 20220923211520.0 | ||
| 006 | a|||||r|||| 00| 0 | ||
| 007 | ta | ||
| 008 | 220922b |||||||| |||| 00| 0 hin d | ||
| 020 |
_a9789380651156 (hbk) _c300 |
||
| 024 | _a261,143 | ||
| 037 |
_b346, 26/03/2012, Vidyanidhi Prakashan _cTextual |
||
| 040 |
_aARTS _cARTS _bhin |
||
| 041 |
_2hin _ahin |
||
| 082 | _aQ14:21:g, 152Q1 | ||
| 100 | _aरजनीश | ||
| 245 | 0 |
_aअर्थववेद एक परिचय _b षष्ठ काण्ड के सन्दर्भ में |
|
| 246 | _aArthavaved ek parichaya: ṣhaṣhṭha kāṇḍa ke sandarbha mean | ||
| 260 |
_aदिल्ली _b विद्यानिधि प्रकाशन _c2011 |
||
| 300 |
_a206पृ. _ccm. |
||
| 650 | _aधर्म | ||
| 942 |
_hQ14:21:g, 152Q1 _cTEXL _2CC |
||
| 999 |
_c300302 _d300302 |
||